Advanced topics in applied mathematics for engineering and the physical sciences (Record no. 12509)

MARC details
000 -LEADER
fixed length control field 00512nam a2200169Ia 4500
008 - FIXED-LENGTH DATA ELEMENTS--GENERAL INFORMATION
fixed length control field 230917s9999||||xx |||||||||||||| ||und||
020 ## - ISBN
Price RS395
040 ## - CATALOGING SOURCE
-- 220209
Original cataloging agency VIVEKANANDA LIBRARY
041 ## - Language
-- English
082 ## - DDC NUMBER
Classification number 510 N143A
100 ## - MAIN ENTRY--PERSONAL NAME
Personal name Nair, Sudhakar
245 #0 - TITLE STATEMENT
Title Advanced topics in applied mathematics for engineering and the physical sciences
260 ## - PUBLICATION, DISTRIBUTION, ETC. (IMPRINT)
Place of publication, distribution, etc New Delhi
Name of publisher, distributor, etc Cambridge University Press
Date of publication, distribution, etc 2013
300 ## - PHYSICAL DESCRIPTION
Pages x, 222 p.
500 ## - GENERAL NOTE
General note 1665 06/11/2014 UBC7302 12/11/2014 Mathematics (NBHM)
942 ## - ADDED ENTRY ELEMENTS (KOHA)
Koha item type Books
Holdings
Withdrawn status Lost status Damaged status Not for loan Location (home branch) Sublocation or collection (holding branch) Date acquired Koha issues (times borrowed) Koha full call number Accession No. Koha date last seen Koha item type
        VIVEKANANDA LIBRARY VIVEKANANDA LIBRARY 08/12/2014   510 N143A 346995 17/09/2023 Books
        VIVEKANANDA LIBRARY VIVEKANANDA LIBRARY 08/12/2014   510 N143A 346996 17/09/2023 Books
        VIVEKANANDA LIBRARY VIVEKANANDA LIBRARY 08/12/2014   510 N143A 346997 17/09/2023 Books
        VIVEKANANDA LIBRARY VIVEKANANDA LIBRARY 08/12/2014   510 N143A 346998 17/09/2023 Books
© Designed and Maintained by Vivekananda Library, MDU Rohtak